Salt-dried fish processing in kampong chhnang, pursat and siem reap provnce, ការកែច្នៃត្រីងៀតនៅខេត្តកំពង់ឆ្នំាង ពោធន៍សាត់ និង ខេត្តសៀមរាប, (Record no. 3951)
[ view plain ]
| 000 -LEADER | |
|---|---|
| fixed length control field | 00660nam a22001577a 4500 |
| 003 - CONTROL NUMBER IDENTIFIER | |
| control field | OSt |
| 005 - DATE AND TIME OF LATEST TRANSACTION | |
| control field | 20151203155414.0 |
| 008 - FIXED-LENGTH DATA ELEMENTS--GENERAL INFORMATION | |
| fixed length control field | 151203b xxu||||| |||| 00| 0 eng d |
| 040 ## - CATALOGING SOURCE | |
| Transcribing agency | RUA |
| 082 ## - DEWEY DECIMAL CLASSIFICATION NUMBER | |
| Classification number | FIS KEO 2007 B179 Or.1 |
| 100 ## - MAIN ENTRY--PERSONAL NAME | |
| 9 (RLIN) | 4235 |
| Personal name | KEO RETHIRONG; កែវ រិទ្ធិរ៉ុង |
| 245 ## - TITLE STATEMENT | |
| Title | Salt-dried fish processing in kampong chhnang, pursat and siem reap provnce, ការកែច្នៃត្រីងៀតនៅខេត្តកំពង់ឆ្នំាង ពោធន៍សាត់ និង ខេត្តសៀមរាប, |
| 260 ## - PUBLICATION, DISTRIBUTION, ETC. (IMPRINT) | |
| Place of publication, distribution, etc. | Phnom Penh |
| Name of publisher, distributor, etc. | RUA |
| Date of publication, distribution, etc. | 2007 |
| 300 ## - PHYSICAL DESCRIPTION | |
| Extent | x; 45p. |
| Other physical details | ill. |
| Dimensions | 29cm. |
| 942 ## - ADDED ENTRY ELEMENTS (KOHA) | |
| Source of classification or shelving scheme | |
| Koha item type | FIS |
| Price effective from | Date last seen | Permanent Location | Not for loan | Date acquired | Source of classification or shelving scheme | Koha item type | Lost status | Withdrawn status | Date last checked out | Total Checkouts | Shelving location | Damaged status | Barcode | Current Location | Full call number |
|---|---|---|---|---|---|---|---|---|---|---|---|---|---|---|---|
| 2015-12-03 | 2025-03-27 | Library Block B | 2015-12-03 | FIS | 2025-03-13 | 4 | B179 | RUA010562 | Library Block B | FIS KEO 2007 B179 Or.1 | |||||
| 2015-12-03 | 2019-07-02 | Library Block B | 2015-12-03 | FIS | 2019-07-01 | 3 | B179 | RUA027771 | Library Block B | FIS KEO 2007 B179 Or.2 | |||||
| 2015-12-03 | 2026-03-06 | Library Block B | 2015-12-03 | FIS | 2026-02-13 | 5 | B179 | RUA010154 | Library Block B | FIS KEO 2007 B179 Or.3 | |||||
| 2015-12-03 | 2025-03-27 | Library Block B | 2015-12-03 | FIS | 2025-03-26 | 1 | B179 | RUA028223 | Library Block B | FIS KEO 2007 B179 Or.4 | |||||
| 2015-12-03 | 2015-12-03 | Library Block B | 2015-12-03 | FIS | B179 | RUA010811 | Library Block B | FIS KEO 2007 B179 Or.5 | |||||||
| 2015-12-03 | 2023-02-22 | Library Block B | 2015-12-03 | FIS | 2023-02-07 | 2 | B179 | RUA010587 | Library Block B | FIS KEO 2007 B179 Or.6 |